<?xml version="1.0" encoding="UTF-8"?>
<collection xmlns:xsi="http://www.w3.org/2001/XMLSchema-instance" xsi:schemaLocation="http://www.loc.gov/MARC21/slim http://www.loc.gov/standards/marcxml/schema/MARC21slim.xsd" xmlns="http://www.loc.gov/MARC21/slim">
 <record>
  <leader>00000caa a22000003a 4500</leader>
  <controlfield tag="001">UP-8027390931312519775</controlfield>
  <controlfield tag="003">Buklod</controlfield>
  <controlfield tag="005">20200604115023.0</controlfield>
  <controlfield tag="006">o--- |     ||   ||</controlfield>
  <controlfield tag="007">ta</controlfield>
  <controlfield tag="008">200604s        xx     d     r    |||| u|</controlfield>
  <datafield tag="022" ind1=" " ind2=" ">
   <subfield code="a">0033-2909</subfield>
  </datafield>
  <datafield tag="035" ind1=" " ind2=" ">
   <subfield code="a">(iLib)UPCEB-00011920283</subfield>
  </datafield>
  <datafield tag="040" ind1=" " ind2=" ">
   <subfield code="a">Edz</subfield>
  </datafield>
  <datafield tag="100" ind1="1" ind2=" ">
   <subfield code="a">Lorber, Michael F.</subfield>
  </datafield>
  <datafield tag="245" ind1="0" ind2="4">
   <subfield code="a">Psychophysiology of Aggression, Psychopathy and Conduct Problems</subfield>
   <subfield code="b">A meta -Analysis. [ Articles].</subfield>
  </datafield>
  <datafield tag="300" ind1=" " ind2=" ">
   <subfield code="a">pp. 531-552.</subfield>
  </datafield>
  <datafield tag="520" ind1=" " ind2=" ">
   <subfield code="a">A meta-analysis of 95 studies was conducted to investigate the relations of heart rate  (HR) and elec activity electrodermal activity (EDA) with aggression, psychopathy, and conduct problems. Analysis revealed a complex constellation of interactive effects, with a failure in some cases of autonomic patterns to generalize across antosocial spectrum behavior constructs. Low resting EDA and low task EDA were associated associated with psychopathy/sociopathy and conduct problems. However , EDA reactivity was positively associated with aggression and and negatively associated with psychopathy/sociopathy. Low resting HR and high HR reactively were associated with aggession and conduct problems . Physiology -behavior relations varied with age and stimulus valence in several cases. Empirical and clinicla implications are discussed. -- (from the author)</subfield>
  </datafield>
  <datafield tag="773" ind1="0" ind2=" ">
   <subfield code="a">Psychological Bulletin.</subfield>
   <subfield code="g">vol. 130, 4 ( 2004).</subfield>
  </datafield>
  <datafield tag="942" ind1=" " ind2=" ">
   <subfield code="a">Analytics</subfield>
  </datafield>
 </record>
</collection>
